MARC

LEADER 00000nas a2200000 a 4500
001 ssj0000517
003 WaSeSS
005 20200512172242.0
006 m d
007 cr n
008 980429c19129999sz qr pss 0 0eng c
010 |a  2004221972 
015 |a GBB352519  |2 bnb 
016 7 |a 014689948  |2 Uk 
022 |y 0020-8582 
035 |a (WaSeSS)ssj0000517 
040 |a FGA  |b eng  |c FGA  |d OCL  |d AAA  |d OCL  |d OCLCQ  |d ATL  |d OCL  |d ATL  |d OCLCQ  |d OCLCO  |d OCLCQ  |d OCLCF  |d OCLCO  |d OCLCQ  |d UKMGB  |d OCLCQ  |d VT2  |d NJT  |d WaSeSS 
042 |a pcc 
050 4 |a BV1  |b .I61 
130 0 |a International review of mission (Online) 
245 1 0 |a International review of mission  |h [electronic resource]. 
246 1 |i Issues for 1912-Jan. 1969 have title:  |a International review of missions 
246 1 3 |a IRM 
260 |a London :  |b International review of missions. 
310 |a Quarterly 
362 1 |a Print began with vol. 1, no. 1 (Jan. 1912). 
500 |a Issues also have distinctive titles. 
506 |a License restrictions may limit access. 
538 |a Mode of access: World Wide Web. 
550 |a Volumes for <1950>-Jan. 1962 issued by International Missionary Council; Apr. 1962- by the Commission on World Mission and Evangelism of the World Council of Churches. 
555 |a Vol. 1 (1912)-v. 79 (1990). 1 v. 
588 |a Description based on: Vol. 39, no. 156 (Oct. 1950); title from cover (ATLASerials, viewed Jan. 14, 2009). 
588 |a Latest issue consulted: Vol. 96, Nos. 382/383 (July/Oct. 2007) (ATLASerials, viewed Jan. 14, 2009). 
650 0 |a Mission of the church  |v Periodicals. 
650 0 |a Missions  |v Periodicals. 
650 7 |a Mission of the church.  |2 fast  |0 (OCoLC)fst01023714 
650 7 |a Missions.  |2 fast  |0 (OCoLC)fst01023771 
655 0 |a Electronic journals. 
710 2 |a World Council of Churches.  |b Commission on World Mission and Evangelism. 
710 2 |a International Missionary Council. 
776 1 |c Microfilm  |w (OCoLC)9573810 
776 1 |c Microfiche  |w (OCoLC)44721063 
776 1 |t International review of missions  |x 0020-8582  |w (DLC) 14006756  |w (OCoLC)1753698 
856 4 0 |z Full text available from Research Library: 01/01/1994 to 11/30/2009  |u https://search.proquest.com/publication/47803